[Event "Stay Safe Play From Home 240"]
[Site "Emanuel Lasker Arena"]
[Date "2020.06.19"]
[Round "5"]
[White "Chase the sun"]
[Black "Dukic"]
[Result "0-1"]
[WhiteElo "1825"]
[BlackElo "2021"]
[Annotator "TA"]
[PlyCount "102"]
[EventDate "2020.06.19"]
[EventType "swiss (blitz)"]

{[%evp 9,102,56,62,73,75,56,132,131,126,-37,-10,-119,-120,-173,-70,-60,-69,-68,-66,-143,-141,-137,-135,-135,-51,-51,-55,-53,-49,-98,-79,-90,-68,-74,-75,-69,-33,-408,-42,-50,-19,-23,369,362,361,349,369,354,377,359,384,384,379,350,372,0,362,308,369,295,297,252,233,230,220,214,568,240,261,259,300,263,231,188,262,205,519,141,155,117,160,74,108,-294,-283,-281,-282,-422,-388,-454,-311,-976,-974,-937,-906]} 1. e4 c6 2. Nc3 d6 3. f4 Nd7 4. Nf3 e5 5. d4 Qc7 6. Bc4 {B11: Caro-Kann: Two Knights Variation.} Be7 7. O-O {Strongly threatening fxe5.} Ngf6 (7... exd4 $1 $14 8. Nxd4 (8. Qxd4 Ngf6 $11) 8... b5) 8. fxe5 $1 $16 {White is clearly better.} dxe5 9. Bg5 $2 ({White has to play} 9. Nxe5 $16 Nxe5 10. Bf4 {[%mdl 64] Pin}) 9... O-O {[#]} 10. Qe1 $146 (10. Kh1 $11 {keeps the balance.}) ({Predecessor:} 10. Kh1 b5 11. Bb3 a6 12. Qd3 exd4 13. Qxd4 c5 14. Qd2 c4 15. Rae1 Nb6 16. e5 {0-1 (32) Hoffmann,E (2002)-Hoeschele,H (2212) Ditzingen 2008}) 10... exd4 $17 11. Nxd4 (11. Ne2 $17 {is a better defense.}) 11... Ne5 (11... Bc5 $19 12. Nce2 Nxe4) 12. Bb3 $1 $15 Bc5 {aiming for ...Neg4.} 13. Rd1 Neg4 {[%csl Gg4][%cal Rc7h2]} 14. Qh4 ({White should play} 14. Bf4 $1 $15 Qb6 15. Nce2) 14... Qe5 $1 $17 15. Nce2 Nxe4 16. Bf4 Qe7 (16... Qf6 $1 $17 {[%cal Rf6h4]} 17. Qxf6 Ngxf6) 17. Qxe7 $15 Bxe7 18. h3 Ngf6 19. c3 Bd7 20. Bc2 c5 21. Nf3 {Black must now prevent Bxe4.} Bb5 22. Rfe1 Rfe8 23. b3 $2 {[%mdl 8192]} (23. a4 $15 Bc4 24. Be5) 23... Bf8 $2 (23... Bxe2 $1 $19 24. Rxe2 Nxc3 {[%mdl 64] Double Attack}) 24. c4 Bc6 25. Ne5 Nd6 $2 {[%mdl 8192]} (25... h5 $11) 26. Nxc6 $18 Nxc4 27. bxc4 bxc6 28. Ng3 g6 29. Kf2 Rad8 30. Rxd8 Rxd8 31. Rd1 Re8 32. Re1 Rd8 $1 33. Bg5 Bg7 34. Kf3 {Threatens to win with Ne4.} h6 35. Bxf6 Bxf6 36. Ne4 Bd4 37. Rd1 {Nxc5! is the strong threat.} Re8 $2 {[#]} (37... Rb8 {is tougher.} 38. Rb1 Rxb1 39. Bxb1 Kf8) 38. Rd3 (38. Rxd4 $142 $1 {[%mdl 512]} cxd4 39. Nf6+ {[%mdl 64] Double Attack} Kf8 40. Nxe8) 38... Rb8 39. Rb3 Rd8 40. Rb7 f5 41. Ng3 (41. Rxa7 $6 fxe4+ 42. Bxe4 Rf8+ 43. Ke2 (43. Kg4 Rf6 $14) 43... Rf7 $16) 41... Be5 (41... Re8 $142 42. Nf1 (42. Rxa7 Re3+ 43. Kf4 Rc3 $16) 42... a5) 42. Bxf5 Bxg3 $2 (42... gxf5 43. Nxf5 Rd2 44. Nxh6+ Kf8 45. Rf7+ Ke8 46. Rxa7 Rd4) 43. Bxg6 $2 {[%mdl 4096] Endgame KRB-KRB} ({Not} 43. Kxg3 gxf5 44. Kf4 (44. Rxa7 Rd4 $14) 44... Rd4+ 45. Kxf5 Rxc4 $14) (43. Be6+ $18 {and the rest is easy.} Kh8 44. Kxg3) 43... Be5 44. Ke4 Bd4 45. Kf5 (45. Rxa7 $142 {And now a4 would win.} Rd6 46. Bf5) 45... Rf8+ {[#]} 46. Ke6 $2 {[%mdl 8192]} (46. Kg4 $1 $16 {is necessary to keep the advantage.}) 46... Rf6+ $19 {[%mdl 64] Double Attack} 47. Kd7 Rxg6 48. Rb8+ (48. g4 $142) 48... Kg7 49. Ra8 Rxg2 50. Kxc6 $2 (50. Rxa7 Kg6 51. Kxc6) 50... Rxa2 51. Kd5 a5 {Accuracy: White = 49%, Black = 41%.} 0-1

[Event "Stay Safe Play From Home 240"]
[Site "Emanuel Lasker Arena"]
[Date "2020.06.19"]
[Round "5"]
[White "Bishop91"]
[Black "Robk"]
[Result "1-0"]
[WhiteElo "1814"]
[BlackElo "1567"]
[Annotator "NA RC"]
[PlyCount "107"]
[EventDate "2020.06.19"]
[EventType "swiss (blitz)"]

1. e4 {[%emt 0:00:05]} c5 {[%emt 0:00:02]} 2. Nf3 {[%emt 0:00:04]} e6 {[%emt 0:00:01]} 3. d4 {[%emt 0:00:02]} cxd4 {[%emt 0:00:02]} 4. Nxd4 {[%emt 0:00:00]} Nc6 {[%emt 0:00:01]} 5. c4 {[%emt 0:00:01]} Nf6 {[%emt 0:00:03]} 6. Nc3 {[%emt 0:00:03]} Bb4 {[%emt 0:00:03]} 7. f3 {[%emt 0:00:24]} d5 {[%emt 0:00:05]} 8. cxd5 {[%emt 0:00:07]} exd5 {[%emt 0:00:02]} 9. Bb5 {[%emt 0:00:16]} Bd7 {[%emt 0:00:08]} 10. Bxc6 {[%emt 0:00:07]} Bxc6 {[%emt 0:00:08]} 11. e5 {[%emt 0:00:40]} Nd7 {[%emt 0:00:10]} 12. O-O {[%emt 0:00:12]} O-O {[%emt 0:00:08]} 13. e6 {[%emt 0:00:05]} Nf6 {[%emt 0:00:18]} 14. exf7+ {[%emt 0:00:06]} Rxf7 {[%emt 0:00:03]} 15. a3 {[%emt 0:00:30]} Bc5 {[%emt 0:00:05]} 16. Nce2 {[%emt 0:00:01]} Re7 {[%emt 0:00:10]} 17. Kh1 {[%emt 0:00:06]} Qd7 {[%emt 0:00:10]} 18. Bg5 {[%emt 0:00:03]} Rae8 {[%emt 0:00:08]} 19. b4 {[%emt 0:00:04]} Bb6 {[%emt 0:00:05]} 20. Nxc6 {[%emt 0:00:11]} bxc6 {[%emt 0:00:03]} 21. Ng3 {[%emt 0:00:01]} Qe6 {[%emt 0:00:18]} 22. Qd2 {[%emt 0:00:01]} Be3 {[%emt 0:00:15]} 23. Bxe3 {[%emt 0:00:03]} Qxe3 {[%emt 0:00:02]} 24. Qc2 {[%emt 0:00:08]} Qe6 {[%emt 0:00:23]} 25. Nf5 {[%emt 0:00:03]} Rc7 {[%emt 0:00:07]} 26. Nd4 {[%emt 0:00:14]} Qd6 {[%emt 0:00:04]} 27. Rae1 {[%emt 0:00:03]} Qd7 {[%emt 0:00:04]} 28. Rxe8+ {[%emt 0:00:03]} Qxe8 {[%emt 0:00:01]} 29. Qd2 {[%emt 0:00:01]} Qe5 {[%emt 0:00:09]} 30. Re1 {[%emt 0:00:02]} Qd6 {[%emt 0:00:02]} 31. Nf5 {[%emt 0:00:01]} Qd7 {[%emt 0:00:03]} 32. Qd3 {[%emt 0:00:04]} Qf7 {[%emt 0:00:08]} 33. g4 {[%emt 0:00:02]} Rc8 {[%emt 0:00:05]} 34. Nd6 {[%emt 0:00:01]} Qd7 {[%emt 0:00:03]} 35. Nxc8 {[%emt 0:00:01]} Qxc8 {[%emt 0:00:01]} 36. Qd4 {[%emt 0:00:00]} Qd7 {[%emt 0:00:02]} 37. Qc5 {[%emt 0:00:02]} h6 {[%emt 0:00:03]} 38. Re7 {[%emt 0:00:01]} Qd8 {[%emt 0:00:09]} 39. Qxa7 {[%emt 0:00:01]} Qf8 {[%emt 0:00:03]} 40. Qc7 {[%emt 0:00:03]} Nxg4 {[%emt 0:00:06]} 41. Rxg7+ {[%emt 0:00:06]} Qxg7 {[%emt 0:00:03]} 42. Qxg7+ {[%emt 0:00:00]} Kxg7 {[%emt 0:00:02]} 43. fxg4 {[%emt 0:00:00]} Kf6 {[%emt 0:00:07]} 44. Kg2 {[%emt 0:00:00]} Ke6 {[%emt 0:00:02]} 45. Kf3 {[%emt 0:00:00]} Kd6 {[%emt 0:00:02]} 46. Ke3 {[%emt 0:00:00]} Kc7 {[%emt 0:00:01]} 47. a4 {[%emt 0:00:01]} Kb6 {[%emt 0:00:01]} 48. Kd4 {[%emt 0:00:01]} Kb7 {[%emt 0:00:02]} 49. Kc5 {[%emt 0:00:01]} Ka6 {[%emt 0:00:02]} 50. h4 {[%emt 0:00:00]} Kb7 {[%emt 0:00:01]} 51. g5 {[%emt 0:00:01]} hxg5 {[%emt 0:00:01]} 52. hxg5 {[%emt 0:00:00]} Kc7 {[%emt 0:00:03]} 53. g6 {[%emt 0:00:01]} Kd7 {[%emt 0:00:00]} 54. g7 {[%emt 0:00:01] Robk resigns (Lag: Av=0.60s, max=4.5s)} 1-0

[Event "Stay Safe Play From Home 240"]
[Site "Emanuel Lasker Arena"]
[Date "2020.06.19"]
[Round "5"]
[White "Timbre"]
[Black "Haris kollari 13"]
[Result "0-1"]
[WhiteElo "1707"]
[BlackElo "1979"]
[Annotator "NA RC"]
[PlyCount "88"]
[EventDate "2020.06.19"]
[EventType "swiss (blitz)"]

1. d4 {[%emt 0:00:11]} d5 {[%emt 0:00:02]} 2. Nf3 {[%emt 0:00:01]} c5 {[%emt 0:00:01]} 3. c3 {[%emt 0:00:01]} Nc6 {[%emt 0:00:01]} 4. Bf4 {[%emt 0:00:02]} Bg4 {[%emt 0:00:01]} 5. e3 {[%emt 0:00:01]} f6 {[%emt 0:00:01]} 6. Be2 {[%emt 0:00:01]} e6 {[%emt 0:00:04]} 7. Nbd2 {[%emt 0:00:04]} Bf5 {[%emt 0:00:04]} 8. dxc5 {[%emt 0:00:05]} Bxc5 {[%emt 0:00:02]} 9. Nd4 {[%emt 0:00:02]} Nxd4 {[%emt 0:00:08]} 10. exd4 {[%emt 0:00:02]} Bb6 {[%emt 0:00:01]} 11. Nf3 {[%emt 0:00:03]} Bg6 {[%emt 0:00:09]} 12. Bb5+ {[%emt 0:00:07]} Kf7 {[%emt 0:00:03]} 13. O-O {[%emt 0:00:07]} Ne7 {[%emt 0:00:01]} 14. Bg3 {[%emt 0:00:03]} Bh5 {[%emt 0:00:02]} 15. Be2 {[%emt 0:00:03]} Bg6 {[%emt 0:00:08]} 16. Bd3 {[%emt 0:00:03]} a6 {[%emt 0:00:02]} 17. Bxg6+ {[%emt 0:00:02]} hxg6 {[%emt 0:00:01]} 18. Re1 {[%emt 0:00:05]} Bc7 {[%emt 0:00:03]} 19. Re3 {[%emt 0:00:05]} Bxg3 {[%emt 0:00:03]} 20. fxg3 {[%emt 0:00:02]} Qd6 {[%emt 0:00:03]} 21. Qe2 {[%emt 0:00:03]} Nf5 {[%emt 0:00:02]} 22. Re1 {[%emt 0:00:09]} Nxe3 {[%emt 0:00:02]} 23. Qxe3 {[%emt 0:00:01]} Rae8 {[%emt 0:00:02]} 24. Nh4 {[%emt 0:00:08]} g5 {[%emt 0:00:09]} 25. Nf3 {[%emt 0:00:02]} g4 {[%emt 0:00:06]} 26. Nd2 {[%emt 0:00:06]} g5 {[%emt 0:00:02]} 27. Nb3 {[%emt 0:00:02]} b6 {[%emt 0:00:02]} 28. Qe2 {[%emt 0:00:08]} f5 {[%emt 0:00:05]} 29. Qxa6 {[%emt 0:00:06]} Ra8 {[%emt 0:00:14]} 30. Qd3 {[%emt 0:00:12]} Rxa2 {[%emt 0:00:02]} 31. Rf1 {[%emt 0:00:09]} Rxb2 {[%emt 0:00:06]} 32. Nd2 {[%emt 0:00:02]} Rh6 {[%emt 0:00:13]} 33. c4 {[%emt 0:00:01]} Rxd2 {[%emt 0:00:09]} 34. Qxd2 {[%emt 0:00:06]} dxc4 {[%emt 0:00:01]} 35. Qxg5 {[%emt 0:00:04]} Rg6 {[%emt 0:00:01]} 36. Qe3 {[%emt 0:00:09]} b5 {[%emt 0:00:02]} 37. Ra1 {[%emt 0:00:06]} b4 {[%emt 0:00:12]} 38. Ra7+ {[%emt 0:00:06]} Kf6 {[%emt 0:00:01]} 39. Ra8 {[%emt 0:00:16]} c3 {[%emt 0:00:06]} 40. Qd3 {[%emt 0:00:08]} Rg7 {[%emt 0:00:10]} 41. Ra1 {[%emt 0:00:08]} Rd7 {[%emt 0:00:02]} 42. Qc2 {[%emt 0:00:21]} Qxd4+ {[%emt 0:00:03]} 43. Kh1 {[%emt 0:00:01]} Qd2 {[%emt 0:00:05]} 44. Qa4 {[%emt 0:00:05]} c2 {[%emt 0:00:02] Timbre resigns (Lag: Av=0.43s, max=3.6s)} 0-1

[Event "Stay Safe Play From Home 240"]
[Site "Emanuel Lasker Arena"]
[Date "2020.06.19"]
[Round "5"]
[White "Germanicus G"]
[Black "Shyamph1980"]
[Result "1-0"]
[WhiteElo "1617"]
[BlackElo "1654"]
[Annotator "NA RC"]
[PlyCount "111"]
[EventDate "2020.06.19"]
[EventType "swiss (blitz)"]

1. d4 {[%emt 0:00:02]} d5 {[%emt 0:00:02]} 2. Nf3 {[%emt 0:00:01]} c6 {[%emt 0:00:01]} 3. g3 {[%emt 0:00:03]} g6 {[%emt 0:00:05]} 4. Bg2 {[%emt 0:00:00]} Bg7 {[%emt 0:00:01]} 5. O-O {[%emt 0:00:01]} Nd7 {[%emt 0:00:04]} 6. Nbd2 {[%emt 0:00:01]} e5 {[%emt 0:00:02]} 7. dxe5 {[%emt 0:00:03]} Nxe5 {[%emt 0:00:01]} 8. e4 {[%emt 0:00:01]} dxe4 {[%emt 0:00:05]} 9. Nxe5 {[%emt 0:00:02]} Bxe5 {[%emt 0:00:03]} 10. Nxe4 {[%emt 0:00:10]} Ne7 {[%emt 0:00:01]} 11. Bg5 {[%emt 0:00:12]} f6 {[%emt 0:00:09]} 12. Nxf6+ {[%emt 0:00:05]} Bxf6 {[%emt 0:00:03]} 13. Bxf6 {[%emt 0:00:01]} Qxd1 {[%emt 0:00:04]} 14. Raxd1 {[%emt 0:00:05]} Rf8 {[%emt 0:00:00]} 15. Bg5 {[%emt 0:00:12]} Kf7 {[%emt 0:00:02]} 16. Bh6 {[%emt 0:00:11]} Re8 {[%emt 0:00:05]} 17. Rd2 {[%emt 0:00:14]} Bf5 {[%emt 0:00:09]} 18. c3 {[%emt 0:00:11]} Rad8 {[%emt 0:00:05]} 19. Rfd1 {[%emt 0:00:03]} Rxd2 {[%emt 0:00:04]} 20. Rxd2 {[%emt 0:00:09]} Be6 {[%emt 0:00:01]} 21. a3 {[%emt 0:00:05]} Nf5 {[%emt 0:00:01]} 22. Be3 {[%emt 0:00:05]} Bc4 {[%emt 0:00:23]} 23. Rd7+ {[%emt 0:00:26]} Re7 {[%emt 0:00:02]} 24. Rxe7+ {[%emt 0:00:01]} Kxe7 {[%emt 0:00:02]} 25. Bxa7 {[%emt 0:00:00]} Kd6 {[%emt 0:00:05]} 26. b4 {[%emt 0:00:11]} b5 {[%emt 0:00:09]} 27. Bc5+ {[%emt 0:00:08]} Kd7 {[%emt 0:00:04]} 28. Bh3 {[%emt 0:00:02]} Be6 {[%emt 0:00:06]} 29. Bxf5 {[%emt 0:00:02]} Bxf5 {[%emt 0:00:01]} 30. Kg2 {[%emt 0:00:02]} Be4+ {[%emt 0:00:02]} 31. f3 {[%emt 0:00:02]} Bd3 {[%emt 0:00:01]} 32. Kf2 {[%emt 0:00:01]} Ke6 {[%emt 0:00:01]} 33. Ke3 {[%emt 0:00:03]} Bc4 {[%emt 0:00:01]} 34. Kd4 {[%emt 0:00:09]} Kf5 {[%emt 0:00:06]} 35. a4 {[%emt 0:00:07]} h5 {[%emt 0:00:20]} 36. a5 {[%emt 0:00:04]} Be6 {[%emt 0:00:07]} 37. a6 {[%emt 0:00:04]} Bc8 {[%emt 0:00:01]} 38. a7 {[%emt 0:00:01]} Bb7 {[%emt 0:00:00]} 39. Ke3 {[%emt 0:00:02]} g5 {[%emt 0:00:04]} 40. h3 {[%emt 0:00:01]} Ke5 {[%emt 0:00:03]} 41. g4 {[%emt 0:00:02]} hxg4 {[%emt 0:00:05]} 42. hxg4 {[%emt 0:00:01]} Kf6 {[%emt 0:00:05]} 43. Bb6 {[%emt 0:00:03]} Ke7 {[%emt 0:00:12]} 44. Bc5+ {[%emt 0:00:03]} Kf6 {[%emt 0:00:01]} 45. f4 {[%emt 0:00:01]} Ba8 {[%emt 0:00:12]} 46. fxg5+ {[%emt 0:00:12]} Kxg5 {[%emt 0:00:01]} 47. Kf3 {[%emt 0:00:01]} Bb7 {[%emt 0:00:02]} 48. Be3+ {[%emt 0:00:02]} Kg6 {[%emt 0:00:02]} 49. Kf4 {[%emt 0:00:01]} Ba8 {[%emt 0:00:02]} 50. Bc5 {[%emt 0:00:01]} Bb7 {[%emt 0:00:01]} 51. g5 {[%emt 0:00:01]} Ba8 {[%emt 0:00:01]} 52. Be7 {[%emt 0:00:02]} Bb7 {[%emt 0:00:02]} 53. Ke5 {[%emt 0:00:01]} Kf7 {[%emt 0:00:05]} 54. Kd6 {[%emt 0:00:01]} Ba8 {[%emt 0:00:12]} 55. Bf6 {[%emt 0:00:03]} Bb7 {[%emt 0:00:02]} 56. Kc7 {[%emt 0:00:01] Shyamph1980 resigns (Lag: Av=0.56s, max=0.8s)} 1-0

[Event "Stay Safe Play From Home 240"]
[Site "Emanuel Lasker Arena"]
[Date "2020.06.19"]
[Round "6"]
[White "mehrdadahouran"]
[Black "Bishop91"]
[Result "1-0"]
[WhiteElo "2053"]
[BlackElo "1821"]
[Annotator "NA RC"]
[PlyCount "83"]
[EventDate "2020.06.19"]
[EventType "swiss (blitz)"]

1. d4 {[%emt 0:00:02]} d6 {[%emt 0:00:04]} 2. c4 {[%emt 0:00:03]} Nd7 {[%emt 0:00:01]} 3. Nc3 {[%emt 0:00:02]} e5 {[%emt 0:00:01]} 4. e3 {[%emt 0:00:02]} Ngf6 {[%emt 0:00:02]} 5. Nf3 {[%emt 0:00:04]} Be7 {[%emt 0:00:01]} 6. dxe5 {[%emt 0:00:04]} Nxe5 {[%emt 0:00:02]} 7. Nxe5 {[%emt 0:00:02]} dxe5 {[%emt 0:00:00]} 8. Qc2 {[%emt 0:00:02]} O-O {[%emt 0:00:02]} 9. b3 {[%emt 0:00:01]} Bb4 {[%emt 0:00:03]} 10. Bb2 {[%emt 0:00:01]} e4 {[%emt 0:00:11]} 11. a3 {[%emt 0:00:06]} Bxc3+ {[%emt 0:00:03]} 12. Bxc3 {[%emt 0:00:01]} Bf5 {[%emt 0:00:04]} 13. Be2 {[%emt 0:00:05]} Qe7 {[%emt 0:00:02]} 14. O-O {[%emt 0:00:08]} Rad8 {[%emt 0:00:06]} 15. Bb4 {[%emt 0:00:03]} c5 {[%emt 0:00:01]} 16. Bc3 {[%emt 0:00:02]} b6 {[%emt 0:00:01]} 17. Rfd1 {[%emt 0:00:04]} Bg4 {[%emt 0:00:03]} 18. Bxf6 {[%emt 0:00:08]} Qxf6 {[%emt 0:00:06]} 19. Bxg4 {[%emt 0:00:02]} h5 {[%emt 0:00:02]} 20. Bxh5 {[%emt 0:00:09]} g6 {[%emt 0:00:02]} 21. Be2 {[%emt 0:00:04]} Kg7 {[%emt 0:00:00]} 22. Rac1 {[%emt 0:00:05]} Qh4 {[%emt 0:00:06]} 23. g3 {[%emt 0:00:09]} Qe7 {[%emt 0:00:06]} 24. Rxd8 {[%emt 0:00:03]} Rxd8 {[%emt 0:00:02]} 25. Rd1 {[%emt 0:00:00]} Rh8 {[%emt 0:00:01]} 26. Qc3+ {[%emt 0:00:03]} Kg8 {[%emt 0:00:04]} 27. Qd2 {[%emt 0:00:04]} Kg7 {[%emt 0:00:02]} 28. Qd6 {[%emt 0:00:06]} Qg5 {[%emt 0:00:03]} 29. Qf4 {[%emt 0:00:10]} Qe7 {[%emt 0:00:02]} 30. Rd5 {[%emt 0:00:07]} f5 {[%emt 0:00:02]} 31. Qe5+ {[%emt 0:00:03]} Qxe5 {[%emt 0:00:00]} 32. Rxe5 {[%emt 0:00:00]} Rd8 {[%emt 0:00:01]} 33. Rd5 {[%emt 0:00:01]} Rxd5 {[%emt 0:00:04]} 34. cxd5 {[%emt 0:00:00]} Kf6 {[%emt 0:00:00]} 35. Bc4 {[%emt 0:00:02]} Ke5 {[%emt 0:00:00]} 36. h3 {[%emt 0:00:05]} g5 {[%emt 0:00:02]} 37. h4 {[%emt 0:00:02]} gxh4 {[%emt 0:00:06]} 38. gxh4 {[%emt 0:00:00]} a6 {[%emt 0:00:03]} 39. h5 {[%emt 0:00:03]} b5 {[%emt 0:00:02]} 40. h6 {[%emt 0:00:07]} Kf6 {[%emt 0:00:01]} 41. d6 {[%emt 0:00:02]} bxc4 {[%emt 0:00:02]} 42. bxc4 {[%emt 0:00:01] Bishop91 resigns (Lag: Av=0.38s, max=0.8s)} 1-0

[Event "Stay Safe Play From Home 240"]
[Site "Emanuel Lasker Arena"]
[Date "2020.06.19"]
[Round "6"]
[White "Dukic"]
[Black "Timbre"]
[Result "1-0"]
[WhiteElo "2029"]
[BlackElo "1701"]
[Annotator "TA"]
[PlyCount "87"]
[EventDate "2020.06.19"]
[EventType "swiss (blitz)"]

{[%evp 12,87,20,8,61,55,56,64,66,-13,41,21,29,0,0,-91,-54,-205,0,11,70,59,55,42,131,131,163,165,164,160,151,141,141,139,150,153,212,220,215,222,230,225,262,137,126,0,213,212,219,209,233,194,298,294,364,353,390,331,329,203,191,9,205,20,483,482,513,511,509,506,447,446,535,331,29979,29980,29980,29981]} 1. c4 c6 2. Nc3 d5 3. cxd5 cxd5 4. d4 Nc6 5. Nf3 Nf6 6. Bf4 Bf5 {The main line 6...Bf5 scores better than 6...a6.} 7. Qb3 Qb6 {D14: Slav Defence: Exchange variation with ...Bf5.} (7... a6 $11) 8. Qxb6 $14 axb6 9. a3 e6 {White is slightly better.} 10. Nb5 (10. Rc1 $14) 10... Rc8 (10... Ra5 $11 11. Nd6+ Bxd6 12. Bxd6 Kd7) 11. Rc1 Be7 12. e3 O-O {[#]} 13. Nc3 $146 (13. Nd2 $11 {remains equal.}) ({Predecessor:} 13. Be2 Na5 14. O-O Nc4 15. Bxc4 Rxc4 16. Rxc4 dxc4 17. Bd6 Re8 18. Rc1 Bd3 19. Ne5 {1-0 (29) Zapata,O (1755)-Garcia,J (1888) San Andres Islas 2013}) 13... Na5 14. Be2 $2 {[#]} (14. Nd2 $15) 14... Nc4 $2 (14... Ne4 $19 {...g5 is the strong threat.} 15. Na2 Rxc1+ 16. Nxc1 Rc8) 15. Bxc4 $11 Rxc4 ({Black should play} 15... dxc4 $11 16. Bg5 h6 17. Bxf6 Bxf6) 16. Ne5 $14 Rcc8 17. f3 Bg6 (17... Nh5 $14) 18. g4 $16 Rfe8 19. Kd2 Red8 20. h4 $36 {[%mdl 2048] And now h5 would win. Keeping Black busy.} h6 21. Nxg6 fxg6 22. Nb5 Rxc1 23. Rxc1 Nd7 (23... Ne8 $16) 24. Rc7 $18 Bxh4 25. Rxb7 Bf6 26. Bc7 Re8 27. Nd6 ({Don't do} 27. Bxb6 $6 Nxb6 28. Rxb6 e5 $18) (27. b4 $18) 27... Rf8 $16 28. Nb5 ({Better is} 28. b4 $16) 28... e5 $2 (28... Re8 $1 $11 {and Black stays safe.}) 29. Bd6 $18 Rd8 30. f4 {[%cal Rf4e5]} exf4 31. exf4 Nf8 (31... Bh4 $142 32. Kd3 h5) 32. Rxb6 Ne6 33. Kd3 g5 34. f5 Nf4+ 35. Bxf4 gxf4 {[%mdl 4096] Endgame KRB-KRN} 36. Nc3 $2 (36. Re6 $18) 36... Rd7 $2 (36... f3 $11) 37. Rb5 $2 (37. Rc6 $18) 37... Re7 $2 {[%mdl 8192]} (37... f3 $11 {and Black is okay.}) 38. Nxd5 {[%mdl 64] [#] Double Attack} Re1 {Strongly threatening ...f3.} 39. Nxf4 Rd1+ 40. Ke2 Rxd4 41. Kf3 Bg5 42. Ne6 Bf6 $2 (42... Rd3+ $18 43. Ke4 Rg3) 43. Nxd4 Bxd4 44. b4 {Accuracy: White = 50%, Black = 27%.} 1-0

[Event "Stay Safe Play From Home 240"]
[Site "Emanuel Lasker Arena"]
[Date "2020.06.19"]
[Round "6"]
[White "Haris kollari 13"]
[Black "Robk"]
[Result "0-1"]
[WhiteElo "1985"]
[BlackElo "1561"]
[Annotator "NA RC"]
[PlyCount "38"]
[EventDate "2020.06.19"]
[EventType "swiss (blitz)"]

1. e4 {[%emt 0:00:01]} c5 {[%emt 0:00:05]} 2. Nf3 {[%emt 0:00:02]} e6 {[%emt 0:00:01]} 3. d4 {[%emt 0:00:01]} cxd4 {[%emt 0:00:01]} 4. Nxd4 {[%emt 0:00:01]} Nc6 {[%emt 0:00:01]} 5. Nc3 {[%emt 0:00:01]} Nf6 {[%emt 0:00:03]} 6. f4 {[%emt 0:00:02]} Bb4 {[%emt 0:00:04]} 7. Nxc6 {[%emt 0:00:07]} bxc6 {[%emt 0:00:03]} 8. Bd3 {[%emt 0:00:05]} d5 {[%emt 0:00:07]} 9. e5 {[%emt 0:00:01]} Nd7 {[%emt 0:00:02]} 10. Bd2 {[%emt 0:00:01]} O-O {[%emt 0:00:03]} 11. a3 {[%emt 0:00:04]} Be7 {[%emt 0:00:07]} 12. Qg4 {[%emt 0:00:03]} f5 {[%emt 0:00:03]} 13. Qf3 {[%emt 0:00:05]} c5 {[%emt 0:00:08]} 14. O-O-O {[%emt 0:00:06]} c4 {[%emt 0:00:02]} 15. Be2 {[%emt 0:00:01]} Rb8 {[%emt 0:00:05]} 16. Be3 {[%emt 0:00:03]} Nc5 {[%emt 0:00:10]} 17. Bxc4 {[%emt 0:00:06]} Qb6 {[%emt 0:00:04]} 18. Bb3 {[%emt 0:00:03]} Qb7 {[%emt 0:00:08]} 19. Bxc5 {[%emt 0:00:02]} Bxc5 {[%emt 0:00:03]} 0-1

[Event "Stay Safe Play From Home 240"]
[Site "Emanuel Lasker Arena"]
[Date "2020.06.19"]
[Round "7"]
[White "Dukic"]
[Black "haris kollari 13"]
[Result "1-0"]
[WhiteElo "2034"]
[BlackElo "1954"]
[Annotator "NA RC"]
[PlyCount "65"]
[EventDate "2020.06.19"]
[EventType "swiss (blitz)"]

1. c4 {[%emt 0:00:03]} e5 {[%emt 0:00:03]} 2. Nc3 {[%emt 0:00:02]} c5 {[%emt 0:00:01]} 3. Nf3 {[%emt 0:00:01]} Nc6 {[%emt 0:00:01]} 4. e3 {[%emt 0:00:01]} d6 {[%emt 0:00:01]} 5. d4 {[%emt 0:00:01]} exd4 {[%emt 0:00:01]} 6. exd4 {[%emt 0:00:01]} cxd4 {[%emt 0:00:01]} 7. Nxd4 {[%emt 0:00:01]} Nf6 {[%emt 0:00:01]} 8. Bf4 {[%emt 0:00:05]} Be7 {[%emt 0:00:02]} 9. Ndb5 {[%emt 0:00:02]} Ne5 {[%emt 0:00:14]} 10. Be2 {[%emt 0:00:13]} a6 {[%emt 0:00:01]} 11. Nd4 {[%emt 0:00:07]} O-O {[%emt 0:00:01]} 12. O-O {[%emt 0:00:01]} Be6 {[%emt 0:00:06]} 13. b3 {[%emt 0:00:04]} Rc8 {[%emt 0:00:02]} 14. Rc1 {[%emt 0:00:02]} Nfd7 {[%emt 0:00:10]} 15. Bg3 {[%emt 0:00:05]} Bf6 {[%emt 0:00:02]} 16. f4 {[%emt 0:00:03]} Nc6 {[%emt 0:00:12]} 17. Nxc6 {[%emt 0:00:05]} Rxc6 {[%emt 0:00:10]} 18. f5 {[%emt 0:00:01]} Qb6+ {[%emt 0:00:16]} 19. Kh1 {[%emt 0:00:09]} Nc5 {[%emt 0:00:06]} 20. fxe6 {[%emt 0:00:03]} fxe6 {[%emt 0:00:01]} 21. Bf3 {[%emt 0:00:07]} Rcc8 {[%emt 0:00:03]} 22. Qxd6 {[%emt 0:00:02]} Qa5 {[%emt 0:00:07]} 23. Ne4 {[%emt 0:00:07]} Rfd8 {[%emt 0:00:15]} 24. Qf4 {[%emt 0:00:06]} Be7 {[%emt 0:00:10]} 25. Nxc5 {[%emt 0:00:04]} Qxc5 {[%emt 0:00:02]} 26. Bxb7 {[%emt 0:00:02]} Rb8 {[%emt 0:00:05]} 27. Be4 {[%emt 0:00:03]} Bf6 {[%emt 0:00:06]} 28. Qg4 {[%emt 0:00:01]} Rf8 {[%emt 0:00:03]} 29. Bxb8 {[%emt 0:00:03]} e5 {[%emt 0:00:07]} 30. Qe6+ {[%emt 0:00:07]} Kh8 {[%emt 0:00:01]} 31. Bd6 {[%emt 0:00:02]} Qb6 {[%emt 0:00:03]} 32. c5 {[%emt 0:00:02]} Bg5 {[%emt 0:00:11]} 33. Rxf8# {[%emt 0:00:03] (Lag: Av=0.36s, max=0.4s) haris kollari 13 resigns} 1-0